[Event "Milan Crespi op 25th"]
[Site "Milan"]
[Date "2004.12.04"]
[Round "1"]
[White "Giretti Kanev, Jasen"]
[Black "Nardelli, Marco"]
[Result "0-1"]
[WhiteElo "2182"]
[BlackElo "1999"]
[PlyCount "119"]
[EventDate "2004.12.04"]
[EventType "swiss"]
[EventRounds "9"]
[EventCountry "ITA"]
[SourceTitle "EXT 2007"]
[Source "ChessBase"]
[SourceDate "2006.11.23"]
[SourceVersion "1"]
[SourceVersionDate "2006.11.23"]
[SourceQuality "1"]

1. Nf3 Nf6 2. c4 b6 3. Nc3 Bb7 4. d4 e6 5. Bg5 Be7 6. e3 Ne4 7. Bxe7 Qxe7 8. Bd3 f5 9. Qc2 Nxc3 10. Qxc3 0-0 11. h4 d6 12. 0-0-0 Nd7 13. Qc2 Nf6 14. d5 exd5 15. Bxf5 Ne4 16. Nd4 c5 17. Be6+ Kh8 18. cxd5 Nxf2 19. Nf5 Rxf5 20. Qxf5 Nxd1 21. Rxd1 Rf8 22. Qg5 Qxg5 23. hxg5 g6 24. Kd2 Ba6 25. Kc3 Kg7 26. e4 Rf4 27. Re1 h6 28. gxh6+ Kxh6 29. Re3 Kg5 30. e5 dxe5 31. Rxe5+ Kf6 32. Re3 Rc4+ 33. Kb3 Rd4 34. Rf3+ Ke5 35. Rg3 Rd3+ 36. Rxd3 Bxd3 37. g3 g5 38. Kc3 Be4 39. Kc4 Kd6 40. a3 Bf3 41. b4 Be2+ 42. Kc3 cxb4+ 43. axb4 Ke5 44. Bf7 Kd6 45. Kd4 a5 46. bxa5 bxa5 47. Ke3 Bb5 48. Kd4 Be2 49. Ke3 Bc4 50. Kd4 Bb3 51. Bg6 Bxd5 52. Bc2 Bc6 53. Bb3 a4 54. Ba2 Bf3 55. Bb1 Bd5 56. Ke3 Ke5 57. Kf2 a3 58. Kg1 a2 59. Bxa2 Bxa2 60. Kh2 0-1

[Event "Nichelino op 5th"]
[Site "Nichelino"]
[Date "2004.10.10"]
[Round "5"]
[White "Ranieri, Fabrizio"]
[Black "Nardelli, Marco"]
[Result "1/2-1/2"]
[WhiteElo "2213"]
[BlackElo "1999"]
[PlyCount "105"]
[EventDate "2004.10.07"]
[EventType "swiss"]
[EventRounds "6"]
[EventCountry "ITA"]
[SourceTitle "EXT 2009"]
[Source "ChessBase"]
[SourceDate "2008.11.26"]
[SourceVersion "1"]
[SourceVersionDate "2008.11.26"]
[SourceQuality "1"]

1. e4 c5 2. Nf3 Nc6 3. d4 cxd4 4. Nxd4 Nf6 5. Nc3 e5 6. Ndb5 d6 7. Bg5 a6 8. Na3 b5 9. Nd5 Be7 10. Bxf6 Bxf6 11. c3 Rb8 12. Nc2 Bg5 13. Bd3 Be6 14. Nce3 Bxe3 15. Nxe3 0-0 16. 0-0 Ne7 17. Re1 Kh8 18. Bc2 f5 19. exf5 Nxf5 20. Nxf5 Bxf5 21. Bxf5 Rxf5 22. Qd5 Qb6 23. Re2 Rbf8 24. Rf1 R5f6 25. Qe4 Qc5 26. Qe3 Qc4 27. a3 Qh4 28. Qe4 Qh5 29. Re3 h6 30. f3 Qf7 31. Rd3 Rc8 32. Rfd1 Qa7+ 33. Kh1 Rc4 34. Qe3 Qc7 35. Qd2 Rc6 36. Rd5 Qb6 37. Qc2 b4 38. axb4 Qxb4 39. h3 Qc4 40. Rxe5 dxe5 41. Rd8+ Qg8 42. Rxg8+ Kxg8 43. Qe4 Rc5 44. c4 Rfc6 45. b3 a5 46. Kh2 Kh8 47. Kg3 Kg8 48. h4 Kh8 49. Kh3 a4 50. bxa4 Rxc4 51. Qxe5 Ra6 52. a5 Rc8 53. g4 1/2-1/2

[Event "Nichelino op 5th"]
[Site "Nichelino"]
[Date "2004.10.07"]
[Round "1"]
[White "Nardelli, Marco"]
[Black "Ferrero, Oscar"]
[Result "1-0"]
[WhiteElo "1999"]
[BlackElo "1711"]
[PlyCount "71"]
[EventDate "2004.10.07"]
[EventType "swiss"]
[EventRounds "6"]
[EventCountry "ITA"]
[SourceTitle "EXT 2009"]
[Source "ChessBase"]
[SourceDate "2008.11.26"]
[SourceVersion "1"]
[SourceVersionDate "2008.11.26"]
[SourceQuality "1"]

1. d4 g6 2. c4 c6 3. Nc3 Bg7 4. e4 d6 5. Be3 Nf6 6. f3 Qc7 7. Qd2 a6 8. Bd3 Nbd7 9. Nge2 e5 10. 0-0 0-0 11. Rac1 Nh5 12. Bb1 f5 13. f4 Ndf6 14. fxe5 dxe5 15. exf5 exd4 16. Qxd4 Nd5 17. fxg6 Bxd4 18. gxh7+ Kg7 19. Rxf8 Bxe3+ 20. Kh1 Kxf8 21. h8Q+ Ke7 22. Nxd5+ cxd5 23. Rf1 Nf4 24. Qh4+ Kd6 25. Nxf4 Qxc4 26. Qf6+ Kc7 27. Bd3 Qd4 28. Qe7+ Kc6 29. Qe8+ Bd7 30. Qxa8 Bxf4 31. Bxa6 Qb4 32. Qxb7+ Qxb7 33. Bxb7+ Kxb7 34. Rxf4 Bc6 35. Rf7+ Kb6 36. Rf6 1-0

[Event "Piemonte Region-ch"]
[Site "Torino"]
[Date "2004.04.??"]
[Round "5"]
[White "Faraoni, Enrico"]
[Black "Nardelli, Marco"]
[Result "0-1"]
[WhiteElo "2178"]
[BlackElo "1959"]
[PlyCount "84"]
[EventDate "2004.04.??"]
[EventType "swiss"]
[EventRounds "6"]
[EventCountry "ITA"]
[SourceTitle "EXT 2024"]
[Source "ChessBase"]
[SourceDate "2023.10.10"]
[SourceVersion "1"]
[SourceVersionDate "2023.10.10"]
[SourceQuality "1"]

1. f4 c5 2. e4 Nc6 3. Nc3 g6 4. Nf3 Bg7 5. Bc4 e6 6. 0-0 Nge7 7. Qe1 0-0 8. d3 d5 9. Bb3 Nd4 10. Nxd4 cxd4 11. Ne2 dxe4 12. dxe4 d3 13. Ng3 a5 14. f5 exf5 15. Bg5 f4 16. Rxf4 a4 17. Bd5 Qb6+ 18. Kh1 Nxd5 19. exd5 Qxb2 20. Rb1 d2 21. Qd1 Qe5 22. Qxd2 Qxg5 23. Ne4 Qe5 24. Rh4 Bf5 25. Ng5 h6 26. Nf3 Qc3 27. Qf4 Rae8 28. Rf1 Re4 29. Qg3 Rfe8 30. d6 Rxh4 31. Qxh4 Qc6 32. Rd1 g5 33. Qf2 Qxc2 34. Qf1 Qc6 35. h4 Bg4 36. hxg5 Bxf3 37. gxf3 hxg5 38. d7 Rd8 39. Qd3 g4 40. Kg1 Qxf3 41. Qd6 Be5 42. Qd2 Bf4 0-1

[Event "Torino op 10"]
[Site "Torino"]
[Date "2003.11.01"]
[Round "3"]
[White "Nardelli, Marco"]
[Black "Faraoni, Enrico"]
[Result "1/2-1/2"]
[WhiteElo "1992"]
[BlackElo "2182"]
[PlyCount "93"]
[EventDate "2003.10.??"]
[EventType "swiss"]
[EventRounds "5"]
[EventCountry "ITA"]
[SourceTitle "EXT 2024"]
[Source "ChessBase"]
[SourceDate "2023.10.10"]
[SourceVersion "1"]
[SourceVersionDate "2023.10.10"]
[SourceQuality "1"]

1. e4 e5 2. Nc3 Bc5 3. Bc4 Nf6 4. f4 d6 5. Nf3 Nc6 6. d3 a6 7. f5 h6 8. Qe2 b5 9. Bb3 Bb7 10. Be3 Bb4 11. 0-0 Bxc3 12. bxc3 Na5 13. d4 Qe7 14. a4 Nxb3 15. cxb3 Nxe4 16. dxe5 dxe5 17. axb5 Nxc3 18. Qc4 Nxb5 19. Bc5 Nd6 20. Qb4 0-0 21. f6 gxf6 22. Nh4 Bc8 23. Rf5 Kh7 24. Raf1 Rg8 25. Rxf6 Be6 26. Qe1 Rg5 27. Bxd6 Qxd6 28. Qe4+ Kg7 29. Qxa8 Qd4+ 30. Kh1 Qxh4 31. Rxe6 Rf5 32. Qxa6 fxe6 33. Rd1 Qf2 34. Qc4 Kf6 35. h3 c5 36. Qc1 Rf4 37. Qa1 h5 38. Qa8 Kf5 39. Rd7 Kg5 40. Rg7+ Kf5 41. Rf7+ Kg5 42. Qd8+ Rf6 43. Rg7+ Kf5 44. Qd3+ e4 45. g4+ hxg4 46. hxg4+ Kf4 47. Qh3 1/2-1/2